Quizzes
Events
Quiz Creation
Community
Videos
Private Events
Remove Ads
Sign In
Join for FREE
Feedback
Dark Mode
Quiz Categories
Sports
Geography
Music
Movies
Television
Just For Fun
Miscellaneous
History
Literature
Language
Science
Gaming
Entertainment
Religion
Holiday
For Kids
Quiz Lab
Recent
Popular Today
Quiz Kudos Today
Editor Picks
Curator Picks
Quizzes by...
Day
Popularity
Type
Ratings
Length
Year
Community
Subscriptions
Recent Discussions
Orange Saloon
Badges
Playlists
Quests
Create
Leaderboards
Showdown
Live 5
Trivia Bingo
Activity
Puzzle Library
Sporcle Events
Private Events
Virtual Trivia
Globe League
Become a Host
Pub Owners
SporcleCon
Opinionation
Our Games
Videos
Blog
Mobile Apps
Partnerships
Remove Ads and Go Orange
Feedback
Geography
Country
Landmarks
City
State
Population
World
Capital
Continent
Flags
Europe
Africa
Asia
South America
North America
Oceania
Border
Canada
United Kingdom
Topography
United States
Geography
Country
Landmarks
City
State
Population
World
Capital
Continent
Flags
Europe
Africa
Asia
South America
North America
Oceania
Border
Canada
United Kingdom
Topography
United States
Random Quiz
Search Sporcle
×
Quiz Lab
Quiz Lab
Geography
Type in answers that appear in a list
Type in answers that appear in a list
Classic
Best Score? Go Orange.
World Largest City Economies Stats
Can you name the World Largest Cities by GDP?
By
Mulyahnto
10m
50 Questions
4,150 Plays
4,150 Plays
4,150 Plays
Comments
Comments
Give Quiz Kudos
Give Quiz Kudos
-
- Ratings
hide this ad
Replay
Link that replays current quiz
Next Quiz
Link to next quiz in quiz playlist
You Got
0%
They Got
Avg Score
80%
Avg Friend Score
Upgrade to see
Score Distribution
Jump to the score distribution portion of the page
Score
0/50
Timer
10:00
0
Plays Today
Gross Domestic Product
Metropolitan Area or City
% Correct
$1406
New York
99.5%
$1479
Tokyo
98.3%
$792
Los Angeles
98.1%
$565
London
98%
$564
Paris
97.8%
$574
Chicago
96.5%
$166
Beijing
94.3%
$233
Shanghai
91.6%
$321
Moscow
90.7%
$297
Houston
90.5%
$253
Toronto
90.1%
$213
Sydney
90.1%
$338
Dallas
90.1%
$301
San Francisco
90%
$292
Miami
90%
$363
Boston
89.8%
$390
Mexico City
88.4%
$230
Madrid
87.7%
$144
Rome
86.7%
$320
Hong Kong
86.5%
$375
Washington D.C.
86.4%
$235
Seattle
86.4%
$362
Buenos Aires
85.9%
$388
Philadelphia
85.5%
$201
Rio de Janeiro
85.1%
Gross Domestic Product
Metropolitan Area or City
% Correct
$388
Sao Paulo
84.4%
$182
Istanbul
81.2%
$148
Montreal
80.5%
$291
Seoul
80.5%
$209
Mumbai
80.5%
$191
San Diego
79.8%
$253
Detroit
79.7%
$304
Atlanta
78.6%
$417
Osaka
78.3%
$172
Melbourne
77.9%
$215
Singapore
76.2%
$177
Barcelona
75.8%
$145
Cairo
74.8%
$167
Delhi
72.8%
$200
Phoenix
72%
$136
Milan
71.2%
$165
Denver
69.9%
$126
St Louis
62.8%
$194
Minneapolis
61.4%
$137
Baltimore
61.4%
$149
Manila
58%
$127
Tehran
56.7%
$160
Taipei
52.6%
$133
Guangzhou
51.1%
$123
Tampa
46.1%
Quiz Playlist
Details
Report
Send in Message
Add To Playlist
Classic:
Type in answers that appear in a list
Quiz Source
Last Updated: Jul 17, 2017
Quiz Scoreboard
CHALLENGE
Sign Up to Join the Scoreboard
Show All
Scores
Hide
Comments
May contain spoilers
Recently Published
College Basketball Coaching Resumes
by pancakes188
Sports
9m
Billboard Blitz: Fleetwood Mac
by CooCooCachoo
Music
15s
Presidents Visiting Landmarks
by Hejman
History
7m
More to Explore
Quiz From the Vault
Featured Blog Post
Where Did the Easter Bunny Come From?
hide this ad
You Might Also Like...
Tags
This quiz does not have any tags.
Today's Top Quizzes in Geography
Browse Geography
hide this ad
Top Contributed Quizzes in Geography
1
Countries of the World - No Outlines Minefield
2
Top 25 Cities of France on a map
3
Any capital of a 'B' country per Continent
4
Any capital of a 'C' country per Continent
5
Closest Countries to UK A-Z
6
Any capital of a 'D' country per Continent
7
5-to-1: US Geography No Hints
8
Any capital of an 'E' country per Continent
9
One Thing in Common: United Kingdom
10
Click the Alabama Counties! (Map)
Explore More
Trending Topics
Harry Potter
NBA
Disney
Marvel
Kpop
Anime
Crossword
Pokémon
NFL
The Office
Soccer
WWE
Song
Country
Puzzle
hide this ad
More By:
Mulyahnto
Quiz
Plays
Rating
Category
Featured
Created
Largest Cities from Different Sources
15,788
4.65
Geography
Aug 24, 2010
Largest Cities in 2025
6,941
3.90
Geography
Aug 20, 2010
World Largest City Economies
4,150
4.49
Geography
Aug 20, 2010
3 Largest Cities Throughout History
2,375
4.61
Geography
Aug 25, 2010
US Largest Metropolitan Economies
1,912
4.64
Geography
Aug 19, 2010
Go to Creator's Profile
Score Distribution
Quiz Creator Spotlight
Mulyahnto
Follow
Send a Message
Quizzes Created
-
Created Quiz Play Count
-
More By This Creator
Popular Quizzes Today
1
Find the US States - No Outlines Minefield
2
Find the Countries of Europe - No Outlines Minefield
3
The Countries of the World
4
Find the US States
5
Risky Map Clicking: Biggest States A-Z
6
US States
7
Popular People in 1961
8
Movies - When Are They Set?
More Geography Quizzes
Find the Counties of Ireland
Quiz Lab
Trending Quizzes
Risky Map Clicking: Least Populous States A-Z
1-10 Letter G Words
1-10 Letter F Words
Risky Map Clicking: Next State Alphabetically
Click the Washington State Counties! (Map)
Recently Updated
Leaping Animals
pecheneg
Reality TV Shows (A-Z)
bhenderson79
Rickey Henderson's Hall of Fame Teammates
pecheneg
Champions League XIs: Arsenal
pecheneg
Quick Pick: Celebrities in WWE's Hall of Fame
aduchscher
A-Z Keypad Blitz II
pecheneg
Multiple Oscar Actors
pecheneg
Mystery Phrase Blitz: Oscar 'Best Actors'
pecheneg
F. Scott Fitzgerald Novels
LTH
Pick 3 Villains
ddd62291
Trending Topics
Crossword
Disney
NBA
Harry Potter
Marvel
Kpop
Anime
Song
Soccer
Pokémon
The Office
Country
NFL
Puzzle
WWE
Your Account Isn't Verified!
In order to create a playlist on Sporcle, you need to verify the email address you used during registration. Go to your
Sporcle Settings
to finish the process.
Report this User
Report this user for behavior that violates our
Community Guidelines
.
Details:
Send Report
Go to the Sporcle.com Mobile Site →
Comments